|
|
|
|
| LEADER |
00000nab a2200000 a 4500 |
| 001 |
vtls009177218 |
| 003 |
SK-MaSNL |
| 005 |
20260304150932.0 |
| 008 |
250506c2007 xo sr|p|||||||000 b|slo |
| 015 |
|
|
|a SNBRB2008/01
|2 snkbucl
|
| 035 |
|
|
|a (uuid)ba35a268-f37a-4368-8513-7b96f325acfb
|
| 035 |
|
|
|a urn:nbn:sk:snk-abd5kw
|
| 035 |
|
|
|a (urnnbn)urn:nbn:sk:snk:ar-002ux6
|
| 038 |
|
|
|a SNKBUCL
|
| 040 |
|
|
|a SNKBUCL
|b slo
|c SNKBUCL
|e AACR2
|
| 041 |
0 |
|
|a slo
|
| 044 |
|
|
|a xo
|c SK
|
| 080 |
|
|
|a 27-187.3
|2 2001
|
| 100 |
1 |
|
|a Vakles, Attila
|4 aut
|9 429277
|
| 245 |
1 |
0 |
|a Osobná nesmrteľnosť
|c Attila Vakles, Juraj Gradoš
|
| 300 |
|
|
|b Fotogr.
|
| 650 |
0 |
7 |
|a nesmrteľnosť duše
|2 snkbucl
|9 49876
|
| 700 |
1 |
|
|a Gradoš, Juraj,
|d 1974-
|4 aut
|9 183841
|
| 773 |
0 |
|
|t Slovo : časopis gréckokatolíckej cirkvi
|g Roč. 39, č. 23 (2007), s. 14-15
|x 1335-7492
|
| 850 |
|
|
|a Slovenská národná knižnica
|
| 852 |
|
|
|a Slovenská národná knižnica
|
| 954 |
|
|
|a odborná, vedecká literatúra pôvodná (slovenská)
|2 lita
|
| 958 |
|
|
|a article17
|
| 958 |
|
|
|a OND
|
| 958 |
|
|
|a NT
|
| 958 |
|
|
|a EUIPO
|
| 999 |
|
|
|c 2940513
|d 2942443
|